000 00281nam a22001337a 4500
999 _c2637
_d2637
082 _a621.319
100 _aHayt Williams
245 _aEngineering Circuit
250 _a6th
260 _aIndia
_bPearson
_c2002
300 _a432
650 _aElectrical Engineering
942 _cBK